Advanced polymeric materials synthesis and applications (Record no. 1214391)

MARC details
000 -LEADER
fixed length control field 01197nam a2200313Ia 4500
003 - CONTROL NUMBER IDENTIFIER
control field OSt
005 - DATE AND TIME OF LATEST TRANSACTION
control field 20221007124927.0
008 - FIXED-LENGTH DATA ELEMENTS--GENERAL INFORMATION
fixed length control field 221006b |||||||| |||| 00| 0 eng d
020 ## - INTERNATIONAL STANDARD BOOK NUMBER
International Standard Book Number 9788793609686 (hbk)
037 ## - SOURCE OF ACQUISITION
Terms of availability Textual
040 ## - CATALOGING SOURCE
Original cataloging agency CDL
Transcribing agency CDL
Language of cataloging eng
041 ## - LANGUAGE CODE
Source of code eng
Language code of text/sound track or separate title eng
100 ## - MAIN ENTRY--PERSONAL NAME
Personal name Rouxel Didier Ed.
9 (RLIN) 721029
245 #0 - TITLE STATEMENT
Title Advanced polymeric materials synthesis and applications
Remainder of title Thomas Sabu Ed. Kalarikkal Nandakumar Ed. Abdulrahman Sajith T Ed.
260 ## - PUBLICATION, DISTRIBUTION, ETC.
Place of publication, distribution, etc. Denmark
Name of publisher, distributor, etc. River Publishers
Date of publication, distribution, etc. 2018
300 ## - PHYSICAL DESCRIPTION
Extent xxxiv, 299p. ill.
Dimensions cm.
500 ## - GENERAL NOTE
General note Include references; Index 295-296p.
650 ## - SUBJECT ADDED ENTRY--TOPICAL TERM
Topical term or geographic name entry element Bisbenzoxazine bismaleimide blends
9 (RLIN) 721030
650 ## - SUBJECT ADDED ENTRY--TOPICAL TERM
Topical term or geographic name entry element Chemistry
700 ## - ADDED ENTRY--PERSONAL NAME
Personal name Abdulrahman Sajith T Ed.
9 (RLIN) 721031
700 ## - ADDED ENTRY--PERSONAL NAME
Personal name Kalarikkal Nandakumar Ed.
9 (RLIN) 721032
700 ## - ADDED ENTRY--PERSONAL NAME
Personal name Thomas Sabu Ed.
9 (RLIN) 721033
942 ## - ADDED ENTRY ELEMENTS (KOHA)
Classification part F9A, Q8 Carc
Koha item type Textual
Source of classification or shelving scheme Colon Classification (CC)
Holdings
Withdrawn status Lost status Source of classification or shelving scheme Damaged status Not for loan Home library Current library Date acquired Source of acquisition Total Checkouts Full call number Barcode Date last seen Price effective from Koha item type
    Colon Classification (CC)     Department of Chemistry Library Department of Chemistry Library 2022-10-07 5403, 25/02/2019, Ashutosh Technical Books   F9A Q8 Carc CD0009350 2022-10-07 2022-10-07 Textual
Copyright @ Delhi University Library System